000 00993nam a22002897a 4500
001 BR6010715
003 BR-BrBNA
005 20230928083342.0
007 ta
008 230509b bl.||||| |||| 00| 0 por d
040 _aBR-BrBNA
_bpor
_cBiblioteca Nacional de Agricultura
041 _a(Por)
072 _aE30; C00
_b/G514
090 _ E30 BR6010715
100 1 _aMussoi, E.M.
110 1 _aAssociacao de Credito e Assistencia Rural do Estado de Santa Catarina, Florianopolis (Brasil)
_9468
245 1 _aDifusao de inovacoes [mudanca social, extensao rural, Brasil]
260 3 _aFlorianopolis, SC (Brasil):
_c[nd].
300 _a13 p.
500 _a(*) Documento disponível no(a) Associacao de Credito e Assistencia Rural do Estado de Santa Catarina, Florianopolis (Brazil)
650 _aDESENVOLVIMENTO AGRICOLA
650 _aDESENVOLVIMENTO SOCIAL
650 _aDIFUSAO DE TECNOLOGIA
650 _aEXTENSAO RURAL
909 _a202309
_bLucia
_c55
_dLucia Elande
942 _cBK
999 _c12971
_d12971